000 00605nam a2200229 a 4500
001 nice12345678
003 IN_TiNIC
005 20260116014207.0
008 080623s2007 newa grp 000 0 eng
020 _a
_c695
082 0 0 _a915.404025
_bALA
100 _aAlam, Muzaffar
245 _aIndo-Persian Travels Inn the Age of Discoveries 1400-1800
260 _aNew Delhi
_bCambridge University Press
_c2007
300 _a399p
500 _aincludes index and biblioraphy
505 2 _abiblio, index
650 _aTravelogue-Description
902 _bSRS
942 _cBK
999 _c14267
_d14267